Game Birds of Europe by Picture - Statistics

General Stats
  • This quiz has been taken 4 times
  • The average score is 14 of 17
Answer Stats
Picture Answer % Correct
black grouse
100%
capercaillie
100%
common quail
100%
golden pheasant
100%
grey partridge
100%
red-legged partridge
100%
ring necked pheasant
100%
willow ptarmigan
100%
barbary partridge
75%
hazel grouse
75%
lady amherst's pheasant
75%
red grouse
75%
rock partridge
75%
rock ptarmigan
75%
reeves's pheasant
50%
chukar partridge
25%
harlequin quail
25%
No matching quizzes found
Score Distribution
Percent of People with Each Score
Percentile by Number Answered
Your Score History
You have not taken this quiz